Normal view
MARC view
Entry Personal Name
001 - CONTROL NUMBER
- control field: 163905
003 - CONTROL NUMBER IDENTIFIER
- control field: OSt
005 - DATE AND TIME OF LATEST TRANSACTION
- control field: 20220923215707.0
008 - FIXED-LENGTH DATA ELEMENTS
- fixed length control field: 220923|| aca||aabn | a|a d
040 ## - CATALOGING SOURCE
- Original cataloging agency: OSt
- Transcribing agency: OSt
100 ## - HEADING--PERSONAL NAME
- Personal name: सत्यार्थी, देवेन्द्र; प्रकाश मनु, संपा
670 ## - SOURCE DATA FOUND
- Source citation: Work cat.: (OSt)334286: सत्यार्थी, देवेन्द्र; प्रकाश मनु, संपा., तीन पीढ़ियों का सफर, 1992
